| 000 | 00455nam a2200181Ia 4500 | ||
|---|---|---|---|
| 008 | 210210b2006 xxu||||| |||| 00| 0 eng d | ||
| 020 | _a812612881X | ||
| 041 | _aeng | ||
| 082 | _a337 SHAI | ||
| 100 | _aSHARMA (A K) | ||
| 245 | _aInternational economics | ||
| 260 |
_aNew Delhi _bAnmol Publications Pvt. Ltd. _c2006 |
||
| 300 | _avii,376 | ||
| 650 | _aInternational | ||
| 650 | _aeconomics | ||
| 690 | _aInternational Economics | ||
| 906 | _a066862 | ||
| 999 |
_c149316 _d149316 |
||